|
|
|
|
| LEADER |
00000nam0a2200000 4500 |
| 001 |
140881 |
| 005 |
20231031142244.0 |
| 010 |
|
|
|a 9785891551626
|
| 035 |
|
|
|a (RuTPU)RU\TPU\book\152646
|
| 090 |
|
|
|a 140881
|
| 100 |
|
|
|a 20080711d2007 m y0rusy50 ca
|
| 101 |
0 |
|
|a rus
|
| 102 |
|
|
|a RU
|
| 105 |
|
|
|a a j 000zy
|
| 200 |
1 |
|
|a Общая физика в вопросах и ответах
|f В. А. Овчинкин
|g Московский физико-технический институт (МФТИ)
|
| 210 |
|
|
|a Москва
|c Физматкнига
|d 2007
|
| 215 |
|
|
|a 112 с.
|c ил.
|
| 330 |
|
|
|a Учебное пособие адресовано прежде всего студентам третьего курса МФТИ, готовящимся к сдаче Государственного экзамена по общей физике. Пособие содержит около 500 теоретических вопросов, в том числе и задач. Во второй части даны ответы (иногда очень подробные), а также решения задач, иллюстрирующих теорию. Пособие может быть полезно также студентам младших курсов, готовящимся к сдаче семестровых экзаменов, и переводникам из других вузов, готовящимся к собеседованию по физике в МФТИ.
|
| 610 |
1 |
|
|a общая физика
|
| 610 |
1 |
|
|a учебные пособия
|
| 610 |
1 |
|
|a вопросы
|
| 610 |
1 |
|
|a задачи
|
| 610 |
1 |
|
|a механика
|
| 610 |
1 |
|
|a термодинамика
|
| 610 |
1 |
|
|a молекулярная физика
|
| 610 |
1 |
|
|a электричество
|
| 610 |
1 |
|
|a магнетизм
|
| 610 |
1 |
|
|a оптика
|
| 610 |
1 |
|
|a атомная физика
|
| 610 |
1 |
|
|a ядерная физика
|
| 610 |
1 |
|
|a вещество
|
| 610 |
1 |
|
|a строение
|
| 610 |
1 |
|
|a ответы
|
| 675 |
|
|
|a 53(076)
|v 3
|
| 700 |
|
1 |
|a Овчинкин
|b В. А.
|g Владимир Александрович
|
| 712 |
0 |
2 |
|a Московский физико-технический институт (МФТИ)
|2 stltpush
|3 (RuTPU)RU\TPU\col\222
|
| 801 |
|
1 |
|a RU
|b 63413507
|c 20080711
|g PSBO
|
| 801 |
|
2 |
|a RU
|b 63413507
|c 20150513
|g PSBO
|
| 942 |
|
|
|c BK
|
| 959 |
|
|
|a 71/20080710
|d 2
|e 0
|f АНЛ:1
|f ЧЗТЛ:1
|